[Event "NOR-ch Youth 2019"]
[Site "Skien"]
[Date "2019.11.09"]
[Round "4.13"]
[White "Eliseev, Sergey"]
[Black "Kvaloy, Aksel Bu"]
[Result "1-0"]
[WhiteElo "1911"]
[BlackElo "2209"]
[Annotator "TA"]
[PlyCount "115"]
[EventDate "2019.11.08"]
[EventType "swiss"]
[EventCountry "NOR"]
[SourceTitle "playchess.com"]
[Source "ChessBase"]
[SourceQuality "1"]

{[%evp 11,115,25,29,0,0,10,24,0,0,-83,-60,-70,-64,-53,0,-8,38,-37,-47,-54,10,-6,20,21,65,59,64,78,100,100,109,-30,-34,-37,92,7,25,0,0,-20,0,-47,-37,-93,-64,-41,-6,-66,0,0,0,0,7,0,0,0,205,235,366,343,360,229,366,337,352,341,356,322,485,479,557,560,937,655,686,663,694,690,758,730,912,902,1141,1148,1499,1602,1560,1420,1627,1541,1694,1578,5213,5345,4519,4147,1541,1475,29989,29988,29989,29990,29991,29992,29992,29993]} 1. d4 Nf6 2. c4 e6 3. g3 d5 4. Bg2 dxc4 5. Nf3 Bb4+ 6. Bd2 a5 7. a3 {E04: Open Catalan: 5 Nf3} Bxd2+ 8. Qxd2 c6 9. Ne5 $146 {White has an edge.} ({Predecessor:} 9. a4 b5 10. Na3 Bd7 11. Ne5 Nd5 12. e4 Nb4 13. O-O O-O 14. Rad1 Be8 {1-0 (28) Matlakov,M (2632)-Shomoev,A (2577) Khanty-Mansiysk 2011}) 9... b5 $1 10. Qg5 (10. a4 $11 {keeps the balance.}) 10... h6 ({Wrong is} 10... Qxd4 $2 11. Qxg7 Qxb2 12. Qxh8+ $18) (10... O-O {feels hotter.} 11. Qd2 Bb7 12. Nc3 Nd5 13. O-O f6) 11. Qf4 ({Don't go for} 11. Qxg7 $2 Rh7 $19) 11... Bb7 12. Nc3 Qc7 13. a4 $1 $40 {[%mdl 128] White has some attack.} b4 14. Nxc4 (14. Ne4 $14) 14... Qxf4 $15 15. gxf4 Ke7 (15... Ba6 $15 16. Nb5 cxb5 17. axb5 Bxb5 18. Nd6+ {[%mdl 64] Double Attack} Ke7 19. Nxb5 Ra6) 16. Nb1 {[%cal Bc3b1,Bb1d2,Bd2b3][%mdl 32]} Nbd7 17. Nbd2 Nd5 18. Nb3 Nxf4 19. Bf3 Rac8 20. Ncxa5 Ba8 21. Nc4 ({White should try} 21. e3 $16 Nd5 22. Nc5) 21... c5 $1 $11 {aiming for ...Bxf3.} 22. Bxa8 {[#] Bb7 is the strong threat.} Rxa8 (22... cxd4 $15 {stays ahead.} 23. Nba5 Rxa8 24. Nc6+ Kf6 25. Nxd4 Rhc8) 23. e3 (23. dxc5 $16 {Threatening Nb6.} Rac8 24. Nb6 Nxb6 25. cxb6) 23... Nd5 $1 24. dxc5 Rhc8 25. Nbd2 Rxc5 26. b3 Nc3 27. Nb2 (27. Rg1 $1 $15) 27... Ne5 28. f4 Ng4 29. Nbc4 ({White should play} 29. Ndc4 $1 $11) 29... Rd8 (29... Rh5 $15) 30. Rg1 h5 ({But not} 30... Nxh2 $6 31. Rxg7 h5 32. Ne5 $14) 31. h3 Nh6 32. Rxg7 {Black must now prevent e4.} Nf5 33. Rg5 f6 $2 {[#]} (33... Rc7 $11 {and Black stays safe.}) 34. Rxh5 $18 Rcc8 (34... Kf7 $142 35. Rh7+ Kg6) 35. Rh7+ Kf8 36. Rh8+ Kg7 (36... Ke7 {is a better defense.} 37. Rxd8 Kxd8) 37. Rxd8 Rxd8 38. a5 Rd7 39. Kf2 e5 (39... Ne7 {was necessary.} 40. a6 Nc6) 40. fxe5 fxe5 41. a6 Rf7 42. Nxe5 Rf8 43. Ndf3 Ne4+ 44. Ke2 Nfg3+ 45. Kd3 Rc8 46. a7 Nc5+ 47. Kc4 Nb7+ 48. Kxb4 Ra8 49. Nc4 Nd8 50. Kb5 Ne4 51. Nb6 Nd6+ 52. Kc5 N8b7+ 53. Kb4 Re8 54. a8=Q Re4+ 55. Kc3 {White mates.} Rxe3+ 56. Kd2 Rxf3 57. Rg1+ Kf7 58. Qg8+ {Accuracy: White = 43%, Black = 29%.} 1-0

[Event "NOR-ch Youth 2019"]
[Site "Skien"]
[Date "2019.11.09"]
[Round "4.14"]
[White "Lye, Sverre"]
[Black "Nordquelle, Amelia"]
[Result "0-1"]
[WhiteElo "1779"]
[BlackElo "1670"]
[Annotator "NA RC"]
[PlyCount "80"]
[EventDate "2019.11.08"]
[EventType "swiss"]
[EventCountry "NOR"]
[SourceTitle "playchess.com"]
[Source "ChessBase"]
[SourceQuality "1"]
[TimeControl "5400+30"]

1. e4 {[%emt 0:00:00]} c5 {[%emt 0:00:42]} 2. Nf3 {[%emt 0:00:00]} d6 {[%emt 0:00:37]} 3. Bb5+ {[%emt 0:00:00]} Bd7 {[%emt 0:01:14]} 4. Bxd7+ {[%emt 0:00:00]} Qxd7 {[%emt 0:00:55]} 5. c4 {[%emt 0:00:15]} Nc6 {[%emt 0:01:45]} 6. Nc3 {[%emt 0:02:16]} g6 {[%emt 0:02:03]} 7. d4 {[%emt 0:00:55]} cxd4 {[%emt 0:00:54]} 8. Nxd4 {[%emt 0:00:11]} Bg7 {[%emt 0:00:11]} 9. Be3 {[%emt 0:00:31]} Ne5 {[%emt 0:05:02]} 10. b3 {[%emt 0:07:52]} Nh6 {[%emt 0:04:28]} 11. f3 {[%emt 0:03:52]} f5 {[%emt 0:01:22]} 12. Qd2 {[%emt 0:02:18]} Nef7 {[%emt 0:00:28]} 13. h3 {[%emt 0:10:04]} f4 {[%emt 0:04:11]} 14. Bf2 {[%emt 0:01:50]} Ng8 {[%emt 0:01:51]} 15. Nde2 {[%emt 0:04:49]} g5 {[%emt 0:03:06]} 16. h4 {[%emt 0:07:51]} h6 {[%emt 0:01:07]} 17. hxg5 {[%emt 0:03:41]} hxg5 {[%emt 0:00:28]} 18. Rxh8 {[%emt 0:00:59]} Bxh8 {[%emt 0:00:13]} 19. O-O-O {[%emt 0:01:19]} Be5 {[%emt 0:03:30]} 20. Nb5 {[%emt 0:03:35]} a6 {[%emt 0:01:57]} 21. Nbc3 {[%emt 0:01:35]} Nf6 {[%emt 0:03:54]} 22. Na4 {[%emt 0:02:59]} Qc6 {[%emt 0:07:40]} 23. Nb6 {[%emt 0:02:25]} Rd8 {[%emt 0:00:15]} 24. Rh1 {[%emt 0:04:40]} e6 {[%emt 0:02:35]} 25. Nc3 {[%emt 0:05:03]} Nd7 {[%emt 0:12:10]} 26. Nxd7 {[%emt 0:03:06]} Rxd7 {[%emt 0:00:31]} 27. Na4 {[%emt 0:08:38]} b5 {[%emt 0:08:40]} 28. Nb6 {[%emt 0:00:31]} Rb7 {[%emt 0:02:22]} 29. Qa5 {[%emt 0:00:19]} d5 {[%emt 0:01:05]} 30. exd5 {[%emt 0:03:18]} exd5 {[%emt 0:00:36]} 31. c5 {[%emt 0:01:06]} d4 {[%emt 0:06:23]} 32. b4 {[%emt 0:02:23]} Bc7 {[%emt 0:01:17]} 33. Re1+ {[%emt 0:02:20]} Kf8 {[%emt 0:02:43]} 34. Kd1 {[%emt 0:03:31]} d3 {[%emt 0:05:13]} 35. Qxa6 {[%emt 0:03:47]} Bxb6 {[%emt 0:01:29]} 36. a4 {[%emt 0:00:04]} bxa4 {[%emt 0:03:42]} 37. b5 {[%emt 0:01:48]} Qd5 {[%emt 0:02:08]} 38. Qxa4 {[%emt 0:02:39]} Ra7 {[%emt 0:01:21]} 39. Qb4 {[%emt 0:01:23]} Ra1+ {[%emt 0:00:19]} 40. Kd2 {[%emt 0:00:10]} Ba5 {[%emt 0:00:09]} 0-1

[Event "NOR-ch Youth 2019"]
[Site "Skien"]
[Date "2019.11.09"]
[Round "4.15"]
[White "Tunsjo, Axel"]
[Black "Aamodt, Peder Marcus"]
[Result "1-0"]
[WhiteElo "2038"]
[BlackElo "1445"]
[Annotator "NA RC"]
[PlyCount "83"]
[EventDate "2019.11.08"]
[EventType "swiss"]
[EventCountry "NOR"]
[SourceTitle "playchess.com"]
[Source "ChessBase"]
[SourceQuality "1"]
[TimeControl "5400+30"]

1. e4 {[%emt 0:00:00]} c6 {[%emt 0:00:48]} 2. Nf3 {[%emt 0:00:13]} d5 {[%emt 0:00:09]} 3. Nc3 {[%emt 0:00:03]} Nf6 {[%emt 0:00:28]} 4. Qe2 {[%emt 0:02:58]} Bg4 {[%emt 0:01:52]} 5. d3 {[%emt 0:01:54]} d4 {[%emt 0:01:38]} 6. Nd1 {[%emt 0:00:12] [#]} e5 $1 {[%emt 0:00:21]} 7. Bd2 {[%emt 0:00:37]} c5 {[%emt 0:03:18]} (7... Bd6 $17) 8. h3 {[%emt 0:00:18]} Bxf3 $1 {[%emt 0:00:23]} 9. Qxf3 {[%emt 0:00:04]} Nc6 {[%emt 0:00:10]} 10. Be2 {[%emt 0:01:18]} g6 {[%emt 0:06:15]} 11. Qg3 {[%emt 0:02:25]} Qc7 {[%emt 0:03:30]} 12. O-O {[%emt 0:00:49]} Bg7 {[%emt 0:01:20]} 13. f4 {[%emt 0:00:46]} Bh6 {[%emt 0:02:42]} 14. Qh4 {[%emt 0:01:50]} Bg7 {[%emt 0:00:09]} 15. fxe5 {[%emt 0:02:19]} Qxe5 {[%emt 0:03:44]} 16. Bf4 {[%emt 0:00:29]} Qe6 {[%emt 0:00:12]} 17. Qg3 {[%emt 0:11:00]} h5 {[%emt 0:06:26]} 18. a3 {[%emt 0:08:51]} Nd7 {[%emt 0:08:26]} 19. b3 {[%emt 0:10:28]} b5 $11 {[%emt 0:02:58]} 20. a4 {[%emt 0:05:14]} bxa4 {[%emt 0:01:02]} 21. Rxa4 {[%emt 0:00:09]} Nb4 {[%emt 0:00:14]} 22. Rf2 {[%emt 0:13:15]} Nxc2 {[%emt 0:02:36]} 23. Bxh5 {[%emt 0:01:41]} Rxh5 {[%emt 0:02:09]} 24. Rxc2 {[%emt 0:00:09]} Qxb3 {[%emt 0:00:07]} 25. Raa2 {[%emt 0:00:28]} Ne5 {[%emt 0:03:39]} 26. Nf2 {[%emt 0:01:18]} Bf6 {[%emt 0:07:30]} 27. Ng4 {[%emt 0:04:07]} Bh4 {[%emt 0:01:38]} 28. Bxe5 {[%emt 0:09:14]} Bxg3 {[%emt 0:00:12]} 29. Bxg3 {[%emt 0:00:10]} Qe6 {[%emt 0:03:08]} 30. Rf2 {[%emt 0:01:35]} f5 {[%emt 0:00:48]} 31. exf5 {[%emt 0:00:27]} Qb6 {[%emt 0:07:56]} 32. Rae2+ {[%emt 0:01:09]} Kf8 {[%emt 0:05:15]} 33. fxg6+ {[%emt 0:00:37]} Kg7 {[%emt 0:00:32]} 34. Re7+ {[%emt 0:05:37]} Kxg6 {[%emt 0:01:20]} 35. Be5 {[%emt 0:00:34]} Rxe5 {[%emt 0:02:03]} 36. Nxe5+ {[%emt 0:00:11]} Kh6 {[%emt 0:00:14]} 37. Ref7 {[%emt 0:01:01]} Qb1+ {[%emt 0:01:28]} 38. Rf1 {[%emt 0:00:37]} Qc2 {[%emt 0:01:07]} 39. R1f6+ {[%emt 0:02:42]} Kh5 {[%emt 0:00:37]} 40. g4+ {[%emt 0:00:16]} Kh4 {[%emt 0:00:12]} 41. Rh6+ {[%emt 0:00:08]} Kg3 {[%emt 0:00:09]} 42. Rf3# {[%emt 0:00:04]} 1-0

[Event "NOR-ch Youth 2019"]
[Site "Skien"]
[Date "2019.11.09"]
[Round "4.16"]
[White "Olsen, William Alexander"]
[Black "Helliesen, Lykke-Merlot"]
[Result "1-0"]
[WhiteElo "1842"]
[BlackElo "1619"]
[Annotator "NA RC"]
[PlyCount "49"]
[EventDate "2019.11.08"]
[EventType "swiss"]
[EventCountry "NOR"]
[SourceTitle "playchess.com"]
[Source "ChessBase"]
[SourceQuality "1"]
[TimeControl "5400+30"]

{[%evp 8,35,16,17,14,16,14,4,10,12,32767,0,0,4,3,0,0,-6,26,20,36,36,97,94,114,43,27,34,76,85]} 1. Nf3 {[%emt 0:00:00]} d5 {[%emt 0:00:00]} 2. c4 {[%emt 0:00:00]} c6 {[%emt 0:00:00]} 3. cxd5 {[%emt 0:00:00]} cxd5 {[%emt 0:00:00]} 4. d4 {[%emt 0:00:00]} Nc6 {[%emt 0:00:07]} 5. Nc3 {[%emt 0:00:00]} Nf6 {[%emt 0:00:09]} 6. Bf4 {[%emt 0:00:14]} a6 {[%emt 0:00:16]} 7. e3 {[%emt 0:00:13]} Bg4 {[%emt 0:00:49]} 8. Be2 {[%emt 0:02:03]} e6 {[%emt 0:00:24]} 9. Ne5 {[%emt 0:01:41]} Nxe5 {[%emt 0:03:41]} 10. Bxe5 {[%emt 0:00:33]} Bxe2 {[%emt 0:00:48]} 11. Qxe2 {[%emt 0:00:16]} Bd6 {[%emt 0:01:33]} 12. f4 {[%emt 0:02:44]} h5 {[%emt 0:12:41]} 13. h3 {[%emt 0:06:12]} h4 {[%emt 0:06:19]} 14. O-O {[%emt 0:05:03]} Bb4 {[%emt 0:03:54]} 15. f5 {[%emt 0:07:50]} Qe7 {[%emt 0:07:59] [#]} 16. e4 {[%emt 0:08:08]} ({Better is} 16. Rac1 $1 $16) 16... Bxc3 $1 {[%emt 0:13:11]} 17. Bxf6 {[%emt 0:00:10]} gxf6 {[%emt 0:02:55]} 18. bxc3 $16 {[%emt 0:00:04]} exf5 {[%emt 0:07:32]} 19. Rxf5 {[%emt 0:08:15]} O-O-O {[%emt 0:09:16]} 20. Re1 {[%emt 0:06:47]} Qe6 {[%emt 0:07:09]} 21. Qf3 {[%emt 0:06:23]} Rh6 {[%emt 0:04:47]} 22. c4 {[%emt 0:03:59]} dxc4 {[%emt 0:02:40]} 23. Rc5+ {[%emt 0:00:07]} Kb8 {[%emt 0:00:12]} 24. Qf4+ {[%emt 0:00:27]} Qd6 {[%emt 0:00:20]} 25. Qxh6 {[%emt 0:01:34]} 1-0

[Event "NOR-ch Youth 2019"]
[Site "Skien"]
[Date "2019.11.09"]
[Round "4.19"]
[White "Brattgjerd, Isak Vinh"]
[Black "Bjorkan, Olav"]
[Result "1/2-1/2"]
[WhiteElo "1699"]
[BlackElo "1407"]
[Annotator "NA RC"]
[PlyCount "79"]
[EventDate "2019.11.08"]
[EventType "swiss"]
[EventCountry "NOR"]
[SourceTitle "playchess.com"]
[Source "ChessBase"]
[SourceQuality "1"]
[TimeControl "5400+30"]

1. d4 {[%emt 0:00:00]} d5 {[%emt 0:00:00]} 2. Bf4 {[%emt 0:00:00]} Nf6 {[%emt 0:00:00]} 3. e3 {[%emt 0:00:00]} Bf5 {[%emt 0:00:13]} 4. Bd3 {[%emt 0:00:18]} Bxd3 {[%emt 0:00:19]} 5. Qxd3 {[%emt 0:00:02]} Nbd7 {[%emt 0:00:19]} 6. Nd2 {[%emt 0:00:15]} e6 {[%emt 0:00:56]} 7. Ngf3 {[%emt 0:00:22]} c5 {[%emt 0:01:14]} 8. c3 {[%emt 0:00:11]} Be7 {[%emt 0:02:29]} 9. O-O {[%emt 0:00:10]} O-O {[%emt 0:00:08]} 10. Rfe1 {[%emt 0:00:16]} Rc8 {[%emt 0:01:38]} 11. Ne5 {[%emt 0:06:51]} Nxe5 {[%emt 0:02:21]} 12. Bxe5 {[%emt 0:00:19]} Nd7 {[%emt 0:03:26]} 13. Bg3 {[%emt 0:00:10]} Nf6 {[%emt 0:01:18]} 14. f4 {[%emt 0:00:21]} Nh5 {[%emt 0:01:31]} 15. Bf2 {[%emt 0:00:44]} Qd7 {[%emt 0:01:03]} 16. g4 {[%emt 0:02:58]} Nf6 {[%emt 0:00:15]} 17. h3 {[%emt 0:00:15]} Qc6 {[%emt 0:00:38]} 18. g5 {[%emt 0:01:39]} Ne4 {[%emt 0:00:25]} 19. Nxe4 {[%emt 0:00:08]} dxe4 {[%emt 0:00:03]} 20. Qe2 {[%emt 0:00:25]} f6 {[%emt 0:04:02]} 21. h4 {[%emt 0:04:41]} fxg5 {[%emt 0:01:53]} 22. hxg5 {[%emt 0:00:19]} Qe8 {[%emt 0:03:38]} 23. Bg3 {[%emt 0:06:49]} Qg6 {[%emt 0:00:17]} 24. Kg2 {[%emt 0:00:47]} Rf5 {[%emt 0:00:19]} 25. Rh1 {[%emt 0:02:02]} Rcf8 {[%emt 0:00:19]} 26. Raf1 {[%emt 0:01:35]} Bxg5 {[%emt 0:03:53]} 27. fxg5 {[%emt 0:03:22]} Rf3 {[%emt 0:00:07]} 28. Bf4 {[%emt 0:01:18]} h6 {[%emt 0:00:08]} 29. Rxf3 {[%emt 0:01:08]} exf3+ {[%emt 0:00:07]} 30. Qxf3 {[%emt 0:05:11]} hxg5 {[%emt 0:00:24]} 31. Qh5 {[%emt 0:24:15]} Qe4+ {[%emt 0:00:25]} 32. Qf3 {[%emt 0:14:05]} Qc2+ {[%emt 0:00:15]} 33. Kg3 {[%emt 0:01:38]} gxf4+ {[%emt 0:00:09]} 34. exf4 {[%emt 0:00:07]} Qxb2 {[%emt 0:00:25]} 35. Rh2 {[%emt 0:01:15]} Qb5 {[%emt 0:02:20]} 36. Qe3 {[%emt 0:03:41]} Qc4 {[%emt 0:00:50]} 37. dxc5 {[%emt 0:02:23]} Rd8 {[%emt 0:00:08]} 38. Rd2 {[%emt 0:01:24]} Rxd2 {[%emt 0:00:38]} 39. Qxd2 {[%emt 0:00:08]} Qxc5 {[%emt 0:00:09]} 40. Qd8+ {[%emt 0:02:58]} 1/2-1/2

[Event "NOR-ch Youth 2019"]
[Site "Skien"]
[Date "2019.11.09"]
[Round "4.20"]
[White "Kierulf, Villum Brevick"]
[Black "Ostensen, Nicolai Maxime"]
[Result "0-1"]
[WhiteElo "1373"]
[BlackElo "1691"]
[Annotator "NA RC"]
[PlyCount "66"]
[EventDate "2019.11.08"]
[EventType "swiss"]
[EventCountry "NOR"]
[SourceTitle "playchess.com"]
[Source "ChessBase"]
[SourceQuality "1"]
[TimeControl "5400+30"]

1. Nf3 {[%emt 0:00:00]} c5 {[%emt 0:00:00]} 2. e3 {[%emt 0:00:00]} g6 {[%emt 0:00:00]} 3. d4 {[%emt 0:00:01]} cxd4 {[%emt 0:00:25]} 4. exd4 {[%emt 0:00:10]} Bg7 {[%emt 0:00:33]} 5. Nbd2 {[%emt 0:00:39]} Nf6 {[%emt 0:00:13]} 6. Bd3 {[%emt 0:00:23]} O-O {[%emt 0:00:15]} 7. O-O {[%emt 0:00:24]} Nc6 {[%emt 0:01:00]} 8. b3 {[%emt 0:00:15]} Nd5 {[%emt 0:03:43]} 9. Bb2 {[%emt 0:05:26]} d6 {[%emt 0:06:55]} 10. c4 {[%emt 0:21:46]} Nc7 {[%emt 0:03:39]} 11. h3 {[%emt 0:05:22]} Ne6 {[%emt 0:05:08]} 12. d5 {[%emt 0:04:20]} Bxb2 {[%emt 0:00:26]} 13. dxe6 {[%emt 0:00:12]} Bxe6 {[%emt 0:05:42]} 14. Rb1 {[%emt 0:00:39]} Bg7 {[%emt 0:00:14]} 15. Ng5 {[%emt 0:06:32]} Bd7 {[%emt 0:01:18]} 16. h4 {[%emt 0:08:59]} Nb4 {[%emt 0:08:14]} 17. Be2 {[%emt 0:02:47]} Nxa2 {[%emt 0:00:34]} 18. Qc2 {[%emt 0:01:51]} Nc3 {[%emt 0:01:00]} 19. Bd3 {[%emt 0:00:14]} Nxb1 {[%emt 0:03:20]} 20. Rxb1 {[%emt 0:02:22]} Qc8 {[%emt 0:02:21]} 21. Nf1 {[%emt 0:01:45]} Bf5 {[%emt 0:02:42]} 22. Ng3 {[%emt 0:01:12]} Bxd3 {[%emt 0:00:09]} 23. Qxd3 {[%emt 0:00:09]} Qg4 {[%emt 0:00:56]} 24. Nf3 {[%emt 0:02:03]} Rad8 {[%emt 0:09:16]} 25. Re1 {[%emt 0:00:36]} Qd7 {[%emt 0:23:59]} 26. h5 {[%emt 0:07:05]} d5 {[%emt 0:03:25]} 27. hxg6 {[%emt 0:01:17]} hxg6 {[%emt 0:01:27]} 28. Rd1 {[%emt 0:02:19]} d4 {[%emt 0:00:36]} 29. Qe4 {[%emt 0:00:19]} Bf6 {[%emt 0:03:41]} 30. Ne2 {[%emt 0:01:50]} Qf5 {[%emt 0:01:32]} 31. Qxb7 {[%emt 0:00:56]} Rd7 {[%emt 0:02:02]} 32. Qc6 {[%emt 0:01:06]} Qe6 {[%emt 0:01:35]} 33. Qc5 {[%emt 0:01:18]} Qxe2 {[%emt 0:01:12]} 0-1

[Event "NOR-ch Youth 2019"]
[Site "Skien"]
[Date "2019.11.09"]
[Round "4.21"]
[White "Khoo-Thwe, Louis"]
[Black "Tenfjord Engelsen, Teodor"]
[Result "1-0"]
[WhiteElo "1660"]
[BlackElo "1349"]
[Annotator "NA RC"]
[PlyCount "47"]
[EventDate "2019.11.08"]
[EventType "swiss"]
[EventCountry "NOR"]
[SourceTitle "playchess.com"]
[Source "ChessBase"]
[SourceQuality "1"]
[TimeControl "5400+30"]

1. e4 {[%emt 0:00:00]} e5 {[%emt 0:00:00]} 2. Nf3 {[%emt 0:00:00]} Nc6 {[%emt 0:00:00]} 3. Bc4 {[%emt 0:00:00]} Nf6 {[%emt 0:00:00]} 4. d3 {[%emt 0:00:00]} Bc5 {[%emt 0:00:00]} 5. O-O {[%emt 0:00:00]} d6 {[%emt 0:00:36]} 6. c3 {[%emt 0:00:01]} O-O {[%emt 0:00:25]} 7. a4 {[%emt 0:00:06]} a6 {[%emt 0:00:31]} 8. Nbd2 {[%emt 0:00:03]} Be6 {[%emt 0:00:15]} 9. Re1 {[%emt 0:00:09]} Qe7 {[%emt 0:07:19]} 10. Nf1 {[%emt 0:00:54]} Rad8 {[%emt 0:06:50]} 11. Bxe6 {[%emt 0:02:05]} fxe6 {[%emt 0:00:14]} 12. d4 {[%emt 0:00:06]} exd4 {[%emt 0:01:42]} 13. cxd4 {[%emt 0:00:08]} Ba7 {[%emt 0:00:15]} 14. Ng3 {[%emt 0:03:10]} Nb8 {[%emt 0:13:37]} 15. Qb3 {[%emt 0:01:49]} c5 {[%emt 0:01:04]} 16. dxc5 {[%emt 0:02:24]} Bxc5 {[%emt 0:01:12]} 17. Bg5 {[%emt 0:04:07]} Nc6 {[%emt 0:07:28]} 18. Nf5 {[%emt 0:01:46]} Qd7 {[%emt 0:12:14]} 19. Rad1 {[%emt 0:02:40]} Rde8 {[%emt 0:09:05]} 20. Nxd6 {[%emt 0:01:06]} Bxd6 {[%emt 0:00:33]} 21. e5 {[%emt 0:00:06]} Nd5 {[%emt 0:00:12]} 22. exd6 {[%emt 0:00:22]} Rf7 {[%emt 0:00:56]} 23. h3 {[%emt 0:01:17]} Qxd6 {[%emt 0:03:26]} 24. Rxd5 {[%emt 0:00:31]} 1-0

[Event "NOR-ch Youth 2019"]
[Site "Skien"]
[Date "2019.11.09"]
[Round "4.22"]
[White "Ji, Jiahao Eric"]
[Black "Aasen, Alexander"]
[Result "1-0"]
[WhiteElo "1667"]
[BlackElo "1223"]
[Annotator "NA RC"]
[PlyCount "75"]
[EventDate "2019.11.08"]
[EventType "swiss"]
[EventCountry "NOR"]
[SourceTitle "playchess.com"]
[Source "ChessBase"]
[SourceQuality "1"]
[TimeControl "5400+30"]

1. e4 {[%emt 0:00:00]} c5 {[%emt 0:00:00]} 2. Nf3 {[%emt 0:00:00]} Nc6 {[%emt 0:00:00]} 3. c3 {[%emt 0:00:21]} d5 {[%emt 0:00:37]} 4. exd5 {[%emt 0:03:27]} Qxd5 {[%emt 0:00:11]} 5. d4 {[%emt 0:00:00]} cxd4 {[%emt 0:00:58]} 6. cxd4 {[%emt 0:01:32]} e6 {[%emt 0:02:10]} 7. Nc3 {[%emt 0:01:23]} Qd8 {[%emt 0:01:51]} 8. Bb5 {[%emt 0:00:42]} Nge7 {[%emt 0:01:38]} 9. O-O {[%emt 0:00:30]} g6 {[%emt 0:00:13]} 10. Ne4 {[%emt 0:01:55]} Bg7 {[%emt 0:01:08]} 11. Bf4 {[%emt 0:04:22]} O-O {[%emt 0:00:58]} 12. Qa4 {[%emt 0:02:36]} Nxd4 {[%emt 0:00:53]} 13. Nxd4 {[%emt 0:00:34]} Qxd4 {[%emt 0:01:14]} 14. Qxd4 {[%emt 0:00:11]} Bxd4 {[%emt 0:00:13]} 15. Bd6 {[%emt 0:00:06]} Nd5 {[%emt 0:05:49]} 16. Bxf8 {[%emt 0:00:47]} Kxf8 {[%emt 0:00:12]} 17. Nc3 {[%emt 0:02:52]} Bg7 {[%emt 0:03:07]} 18. Nxd5 {[%emt 0:00:16]} exd5 {[%emt 0:00:12]} 19. Rac1 {[%emt 0:02:02]} Bf5 {[%emt 0:00:54]} 20. Rc7 {[%emt 0:01:02]} b6 {[%emt 0:01:13]} 21. Re1 {[%emt 0:01:25]} Be6 {[%emt 0:02:33]} 22. b3 {[%emt 0:00:21]} h6 {[%emt 0:05:39]} 23. Bc6 {[%emt 0:02:09]} Rd8 {[%emt 0:01:12]} 24. Rxa7 {[%emt 0:00:16]} d4 {[%emt 0:00:25]} 25. Ra8 {[%emt 0:00:55]} Rxa8 {[%emt 0:00:19]} 26. Bxa8 {[%emt 0:00:02]} d3 {[%emt 0:00:27]} 27. Rd1 {[%emt 0:00:09]} Bf5 {[%emt 0:00:12]} 28. h3 {[%emt 0:00:28]} Bc3 {[%emt 0:00:08]} 29. g4 {[%emt 0:00:07]} Be6 {[%emt 0:01:20]} 30. Rxd3 {[%emt 0:00:12]} Bg7 {[%emt 0:00:55]} 31. Rd6 {[%emt 0:00:48]} h5 {[%emt 0:01:04]} 32. gxh5 {[%emt 0:00:22]} gxh5 {[%emt 0:00:14]} 33. Rxb6 {[%emt 0:00:13]} Bxh3 {[%emt 0:00:19]} 34. a4 {[%emt 0:01:05]} Bg4 {[%emt 0:00:16]} 35. a5 {[%emt 0:00:19]} h4 {[%emt 0:00:09]} 36. a6 {[%emt 0:01:32]} Ke8 {[%emt 0:01:12]} 37. a7 {[%emt 0:00:28]} Bd4 {[%emt 0:00:11]} 38. Bc6+ {[%emt 0:00:19]} 1-0

[Event "NOR-ch Youth 2019"]
[Site "Skien"]
[Date "2019.11.09"]
[Round "4.23"]
[White "Shehzad, Alina"]
[Black "Haug, Havard"]
[Result "0-1"]
[WhiteElo "1174"]
[BlackElo "1544"]
[Annotator "NA RC"]
[PlyCount "94"]
[EventDate "2019.11.08"]
[EventType "swiss"]
[EventCountry "NOR"]
[SourceTitle "playchess.com"]
[Source "ChessBase"]
[SourceQuality "1"]
[TimeControl "5400+30"]

1. e4 {[%emt 0:02:56]} c5 {[%emt 0:00:00]} 2. Nf3 {[%emt 0:00:25]} Nc6 {[%emt 0:00:00]} 3. d4 {[%emt 0:00:08]} cxd4 {[%emt 0:00:27]} 4. Nxd4 {[%emt 0:00:22]} Nf6 {[%emt 0:00:28]} 5. Nc3 {[%emt 0:00:38]} d6 {[%emt 0:00:53]} 6. Bb5 {[%emt 0:02:17]} Bd7 {[%emt 0:01:14]} 7. O-O {[%emt 0:00:43]} g6 {[%emt 0:00:59]} 8. Be3 {[%emt 0:01:09]} Bg7 {[%emt 0:01:01]} 9. Qd2 {[%emt 0:00:34]} O-O {[%emt 0:02:44]} 10. f4 {[%emt 0:00:21]} Nxd4 {[%emt 0:00:45]} 11. Bxd7 {[%emt 0:03:11]} Nxc2 {[%emt 0:00:41]} 12. Qxc2 {[%emt 0:00:55]} Nxd7 {[%emt 0:00:21]} 13. Qd2 {[%emt 0:02:19]} Nc5 {[%emt 0:02:07]} 14. Nd5 {[%emt 0:05:41]} Nxe4 {[%emt 0:01:03]} 15. Qd3 {[%emt 0:01:40]} Nf6 {[%emt 0:00:19]} 16. Nxf6+ {[%emt 0:01:06]} exf6 {[%emt 0:00:07]} 17. f5 {[%emt 0:01:12]} g5 {[%emt 0:00:36]} 18. Qe2 {[%emt 0:01:31]} Re8 {[%emt 0:01:08]} 19. Rae1 {[%emt 0:00:56]} d5 {[%emt 0:00:23]} 20. Qg4 {[%emt 0:01:21]} Re4 {[%emt 0:00:34]} 21. Qg3 {[%emt 0:01:35]} Qb8 {[%emt 0:00:23]} 22. Qf3 {[%emt 0:01:57]} Qe5 {[%emt 0:02:06]} 23. Re2 {[%emt 0:01:06]} g4 {[%emt 0:00:47]} 24. Qf2 {[%emt 0:01:10]} d4 {[%emt 0:01:57]} 25. Bxd4 {[%emt 0:02:21]} Rxe2 {[%emt 0:00:06]} 26. Bxe5 {[%emt 0:00:19]} Rxf2 {[%emt 0:00:04]} 27. Rxf2 {[%emt 0:00:27]} fxe5 {[%emt 0:00:05]} 28. f6 {[%emt 0:00:34]} Bh6 {[%emt 0:00:06]} 29. Re2 {[%emt 0:01:11]} Re8 {[%emt 0:00:07]} 30. Kf2 {[%emt 0:00:49]} e4 {[%emt 0:00:09]} 31. Kg3 {[%emt 0:00:32]} e3 {[%emt 0:00:07]} 32. h3 {[%emt 0:00:58]} gxh3 {[%emt 0:00:09]} 33. Kxh3 {[%emt 0:00:06]} Rd8 {[%emt 0:00:12]} 34. b3 {[%emt 0:01:45]} Rd2 {[%emt 0:00:07]} 35. Re1 {[%emt 0:00:21]} Rxa2 {[%emt 0:00:32]} 36. Kg3 {[%emt 0:01:05]} e2 {[%emt 0:00:21]} 37. Kf2 {[%emt 0:00:25]} Bg5 {[%emt 0:00:04]} 38. Rxe2 {[%emt 0:00:25]} Rxe2+ {[%emt 0:00:04]} 39. Kxe2 {[%emt 0:00:20]} Bxf6 {[%emt 0:00:04]} 40. Ke3 {[%emt 0:00:28]} a5 {[%emt 0:00:01]} 41. Kd3 {[%emt 0:00:28]} b5 {[%emt 0:00:03]} 42. Kd2 {[%emt 0:00:57]} a4 {[%emt 0:00:04]} 43. Kc2 {[%emt 0:01:27]} a3 {[%emt 0:00:05]} 44. Kb1 {[%emt 0:00:17]} b4 {[%emt 0:00:06]} 45. g3 {[%emt 0:00:25]} Bh4 {[%emt 0:00:08]} 46. g4 {[%emt 0:00:46]} h5 {[%emt 0:00:03]} 47. gxh5 {[%emt 0:00:09]} f5 {[%emt 0:00:03]} 0-1